000 00696nam a22001817a 4500
003 AM-YeHGA
005 20250617154633.0
008 181115b ||||| |||| 00| 0 rus d
040 _aAM-YeHGA
041 0 _arus
110 2 _aГражданский Кассационный Департамент Правительствующего Сената
245 1 0 _aГражданская практика Кассационнаго Сената за 1892 и 1893 годы
260 _aСанкт-Петербург :
_bТип. Правительственного Сената,
_c1894
300 _a325, 7 с.
653 0 _aЮриспруденция
942 _2udc
_cBK
090 _c418920
999 _c416550
_d416550